Lessons of planning (Record no. 1116)
[ view plain ]
| 000 -LEADER | |
|---|---|
| fixed length control field | 00429cam a2200181ua 4500 |
| 008 - FIXED-LENGTH DATA ELEMENTS--GENERAL INFORMATION | |
| fixed length control field | 110616n ii |||gr||||Z||||||eng |
| 020 ## - INTERNATIONAL STANDARD BOOK NUMBER | |
| International Standard Book Number | 19-562122-0 |
| 040 ## - CATALOGING SOURCE | |
| Transcribing agency | MAIN |
| 082 ## - DEWEY DECIMAL CLASSIFICATION NUMBER | |
| Classification number | 338.9 |
| 245 10 - TITLE STATEMENT | |
| Title | Lessons of planning |
| Statement of responsibility, etc. | by D.T. Lakdawala |
| 260 ## - PUBLICATION, DISTRIBUTION, ETC. | |
| Place of publication, distribution, etc. | Bombay: |
| Name of publisher, distributor, etc. | Oxford,987. |
| 300 ## - PHYSICAL DESCRIPTION | |
| Extent | vi, 40cm.: |
| Dimensions | 5cm. |
| 700 1# - ADDED ENTRY--PERSONAL NAME | |
| Personal name | Lakdawala, D.T., |
| Relator term | |
| 942 ## - ADDED ENTRY ELEMENTS (KOHA) | |
| Koha item type | Books |
| 653 ## - INDEX TERM--UNCONTROLLED | |
| Uncontrolled term | Economics |
| 653 ## - INDEX TERM--UNCONTROLLED | |
| Uncontrolled term | Planning |
| Withdrawn status | Lost status | Damaged status | Not for loan | Home library | Current library | Shelving location | Date acquired | Total Checkouts | Full call number | Barcode | Date last seen | Copy number | Price effective from | Koha item type |
|---|---|---|---|---|---|---|---|---|---|---|---|---|---|---|
| Central Library, Naharkatiya College | Central Library, Naharkatiya College | 19/09/2020 | 338.9 | LAK | 11447 | 19/09/2020 | 2 | 19/09/2020 | Books | ||||||
| Central Library, Naharkatiya College | Central Library, Naharkatiya College | 19/09/2020 | 338.9 | LAK | 11448 | 19/09/2020 | 1 | 19/09/2020 | Books | ||||||
| Central Library, Naharkatiya College | Central Library, Naharkatiya College | 19/09/2020 | 338.9 | LAK | 11449 | 19/09/2020 | 3 | 19/09/2020 | Books |
